|
|
|
|
| LEADER |
01519nam a2200433 a 4500 |
| 001 |
000541171 |
| 003 |
CZ BrMZK |
| 005 |
20080820094754.0 |
| 007 |
ta |
| 008 |
000115s2000 xr f cze d |
| 015 |
|
|
|a cnb000989567
|
| 020 |
|
|
|a 80-7083-420-X
|
| 035 |
|
|
|a (OCoLC)47949436
|
| 040 |
|
|
|a BOA001
|b cze
|
| 043 |
|
|
|a e-xr---
|b e-xr-li
|2 czenas
|
| 072 |
|
7 |
|a 378
|x Vysoké školy
|2 Konspekt
|9 22
|
| 080 |
|
|
|a 378.6:62
|2 MRF
|
| 080 |
|
|
|a 378.096:37.01
|2 MRF
|
| 080 |
|
|
|a 378.14
|2 MRF
|
| 080 |
|
|
|a 37.01
|2 MRF
|
| 080 |
|
|
|a (437.316)
|2 MRF
|
| 080 |
|
|
|a (062.552)
|2 MRF
|
| 080 |
|
|
|a (082.2)
|2 MRF
|
| 245 |
0 |
0 |
|a Fakulta pedagogická 10 let (1990-2000) /
|c [kolektiv autorů]
|
| 250 |
|
|
|a Vyd. 1.
|
| 260 |
|
|
|a Liberec :
|b Technická univerzita,
|c 2000
|
| 300 |
|
|
|a 64, [1] s., [6] s. obr. příl. ;
|c 21 cm
|
| 650 |
0 |
7 |
|a vysoké technické školy
|7 ph127286
|z Česko
|2 czenas
|
| 650 |
0 |
7 |
|a pedagogické fakulty
|7 ph390012
|z Česko
|2 czenas
|
| 650 |
0 |
7 |
|a vysokoškolské studium
|7 ph127279
|z Česko
|2 czenas
|
| 650 |
0 |
7 |
|a pedagogika
|7 ph115703
|2 czenas
|
| 655 |
|
7 |
|a sborníky
|7 fd163935
|2 czenas
|
| 655 |
|
7 |
|a jubilejní publikace
|7 fd131839
|2 czenas
|
| 610 |
2 |
7 |
|a Technická univerzita v Liberci.
|b Pedagogická fakulta
|7 kn20010709339
|2 czenas
|
| 651 |
|
7 |
|a Liberec (Česko)
|7 ge128509
|2 czenas
|
| 710 |
2 |
|
|a Technická univerzita v Liberci
|7 kn20010709340
|
| 910 |
|
|
|a BOA001
|b 2-1079.448
|
| 990 |
|
|
|a BK
|
| 996 |
6 |
|
|b 2610125162
|c 2-1079.448
|l MZK
|r Sklad / do 1 hodiny
|n 0
|p p.v.
|w 000541171
|u 000010
|a 1
|e BOA001
|j MZK50
|s P
|